Литература. Ч. 1 (Запись № 11842189)

Подробности
000 -МАРКЕР
контрольное поле 01759nam2a2200289 4500
001 - ИДЕНТИФИКАТОР ЗАПИСИ
контрольное поле RU\NLR\BIBL_A\012088519
005 - ИДЕНТИФИКАТОР ВЕРСИИ
контрольное поле 20191017112417.0
010 ## - МЕЖДУНАРОДНЫЙ СТАНДАРТНЫЙ НОМЕР КНИГИ (ISBN)
Номер (ISBN) 978-5-533-00904-1
Уточнения ч. 1
021 ## - НОМЕР ГОСУДАРСТВЕННОЙ РЕГИСТРАЦИИ
Код страны Российская Федерация
Номер КН-П-23-013856
Номер Листа государственной регистраци КН-П-23-1368
021 ## - НОМЕР ГОСУДАРСТВЕННОЙ РЕГИСТРАЦИИ
Код страны Российская Федерация
Номер КН-П-20-028907
Номер Листа государственной регистраци КН-П-20-2226
021 ## - НОМЕР ГОСУДАРСТВЕННОЙ РЕГИСТРАЦИИ
Код страны Российская Федерация
Номер КН-П-22-042037
Номер Листа государственной регистраци КН-П-22-3633
021 ## - НОМЕР ГОСУДАРСТВЕННОЙ РЕГИСТРАЦИИ
Код страны Российская Федерация
Номер КН-П-19-057980
Номер Листа государственной регистраци КН-П-19-4156
021 ## - НОМЕР ГОСУДАРСТВЕННОЙ РЕГИСТРАЦИИ
Код страны Российская Федерация
Номер КН-П-21-010785
Номер Листа государственной регистраци КН-П-21-0868
035 ## - ДРУГИЕ СИСТЕМНЫЕ НОМЕРА
Идентификатор записи (NLR Aleph) 012088519
035 ## - ДРУГИЕ СИСТЕМНЫЕ НОМЕРА
Идентификатор записи (RuMoRGB)010059706
100 ## - ДАННЫЕ ОБЩЕЙ ОБРАБОТКИ
Данные общей обработки 20190906d2019 d y0rusy50 ca
101 0# - ЯЗЫК РЕСУРСА
Язык текста, звукозаписи и т.д. русский
102 ## - СТРАНА ПУБЛИКАЦИИ ИЛИ ПРОИЗВОДСТВА
Страна публикации Российская Федерация
105 ## - ПОЛЕ КОДИРОВАННЫХ ДАННЫХ: ТЕКСТОВЫЕ МАТЕРИАЛЫ, МОНОГРАФИЧЕСКИЕ
Кодированные данные о монографическом текстовом документе ach|j|||000zy
200 0# - ЗАГЛАВИЕ И СВЕДЕНИЯ ОБ ОТВЕТСТВЕННОСТИ
Основное заглавие Ч. 1
215 ## - ФИЗИЧЕСКАЯ ХАРАКТЕРИСТИКА
Специфическое обозначение материала и объем 447 с., [4] л. цв. ил., портр.
Другие сведения о физической характеристике ил., портр., факс.
461 #0 - УРОВЕНЬ НАБОРА
Встроенное поле 001RU\NLR\BIBL_A\012088517
-- 2001#$aЛитература$eучебник для 7 класса общеобразовательных организаций$eсоответствует Федеральному государственному образовательному стандарту$eв двух частях$fГ.С. Меркин$vЧ. 1
-- 700#1$aМеркин$bГ. С.$f1940-$gГеннадий Самуйлович$3RU\NLR\AUTH\7755590
Системный номер (АБИС) связанной записи 11842181
Автор Меркин, Г. С. (1940-)
Место публикации Москва
Дата публикации 2019
Издание 7-е изд.
Первые сведения об ответственности Г.С. Меркин
Имя издателя, распространителя и т.д. Русское слово
Сведения, относящиеся к заглавию учебник для 7 класса общеобразовательных организаций : соответствует Федеральному государственному образовательному стандарту : в двух частях
Заглавие Литература
ISBN 9785533009065
Номер тома Ч. 1
942 ## - ДОПОЛНИТЕЛЬНЫЕ ЭЛЕМЕНТЫ ЗАПИСИ (АБИС)
Тип экземпляра АБИС Книга
980 ## - КОЛЛЕКЦИЯ
Название коллекции Национальная библиография
Экземпляры
Тип экземпляра Дата поступления Источник поступления Библиотека постоянного хранения Библиотека текущего хранения Место хранения Шифр хранения Штрих-код Статус экземпляра Стоимость Нумерация / хронология для периодики
Книга 06.09.2019 Обязательный экземпляр РНБ (Московский) РНБ (Московский) Русский книжный фонд: издания с 1957 года 2019-5/6993 1-2858868      
Книга 06.09.2019 Обязательный экземпляр РНБ (Московский) РНБ (Московский) Обменный фонд   1-2858869      
Книга 18.09.2020 Обязательный экземпляр РНБ (Московский) РНБ (Московский) Обменный фонд   1-3153086   0.00 2020
Книга 18.09.2020 Обязательный экземпляр РНБ (Московский) РНБ (Московский) Обменный фонд   1-3153085   0.00 2020
Книга 29.06.2021 Обязательный экземпляр РНБ (Московский) РНБ (Московский) Обменный фонд   1-3439104     2021
Книга 29.06.2021 Обязательный экземпляр РНБ (Московский) РНБ (Московский) Обменный фонд   1-3439105     2021
Книга 25.08.2022 Обязательный экземпляр РНБ (Московский) РНБ (Московский) Обменный фонд   1-3955433   0.00 2022
Книга 25.08.2022 Обязательный экземпляр РНБ (Московский) РНБ (Московский) Обменный фонд   1-3955434   0.00 2022
Книга 05.04.2023 Обязательный экземпляр РНБ (Московский) РНБ (Московский) Обменный фонд   1-4174180     2023
Книга 05.04.2023 Обязательный экземпляр РНБ (Московский) РНБ (Московский) Обменный фонд   1-4174181     2023